000 01291cad a22001935a 4500
001 L156640
008 120615s2012 xxk 000 0 eng d
035 _a(Sirsi) u156640
041 0 _aeng
110 2 _aJones Lang LaSalle
_93755
245 0 0 _aPerspectives on the U.S. office sector May 2012
_h[electronic resource]
260 _a[S.l.]
_bJLL
_c2012
520 _aDevelopment levels in the US office construction sector are increasing from historic lows but even with recent increased activity supply shortages in some markets can be expected over the next 24 months. Overall office construction levels rose from a low of 22.3m sq ft in 2010 to nearly 33.6m sq ft in the beginning of 2012. Office construction activity is concentrated in nine markets (79.3% of the national whole). The majority of speculative construction is in New York, San Francisco, and Washington DC. Rent spikes will occur over the next 24 to 36 months with quality large blocks of space dropping in most urban and suburban markets.
590 _aNTK KA
651 4 _aUnited States
690 _aCommercial property
_96227
856 4 0 _uhttps://www.us.am.joneslanglasalle.com/ResearchLevel1/Office%20construction%20white%20paper%20May%202012.pdf
_zView the report at www.us.am.joneslanglasalle.com
942 _n0
999 _c84099
_d84099